Statistics for Yeah! - USHER Feat. Lil Jon & Ludacris - All Lyrics

Click here to take the quiz!

General Stats

  • This quiz has been taken 60 times
  • The average score is 422 of 609

Answer Stats

Answer% Correct
a
100%
I
100%
(Oh)
100%
oh,
100%
(Hey,
98%
hey,
98%
hey)
98%
(Hey)
98%
yeah
98%
Yeah,
98%
(Yeah)
98%
"Yeah,
98%
Yeah, yeah,
98%
yeah, yeah,
98%
yeah, yeah,
98%
yeah, yeah
98%
Yeah, yeah,
98%
gimme
96%
me”
94%
Me
94%
me)
94%
me
94%
me"
94%
the
94%
The
94%
my
89%
get
87%
go)
87%
go
87%
go"
87%
in
87%
In
87%
on
87%
one-to-ten,
87%
to
85%
club
83%
club,
83%
do
83%
got
83%
Got
83%
it
83%
Now
83%
she
83%
She
83%
and
81%
And
81%
ya
81%
be
79%
homies
79%
raow,
79%
with
79%
You
79%
you
79%
Up
77%
up,
77%
up
77%
like,
74%
like
74%
low,
74%
so
74%
So
74%
that
74%
that,
74%
Then
72%
then
72%
down
70%
I'm
70%
I'ma
70%
"Come
68%
(Come
68%
(Know
68%
know
68%
said
68%
said,
68%
How
66%
how
66%
(Low-key)
66%
low-key
66%
she's
66%
what
66%
all
64%
But
64%
but
64%
her,
64%
her
64%
Her
64%
leave
64%
leave?"
64%
leaves
64%
one
64%
out
64%
out!
64%
out,
64%
When
64%
back
62%
floor
62%
keep
62%
little
62%
Ursh
62%
certified
60%
Let's
60%
let's
60%
(Let's
60%
Let’s
60%
make
60%
now,
60%
now?
60%
now
60%
of
60%
Shawty
60%
Tryna
60%
V-I,
60%
was
60%
ain't
57%
for
57%
Lil
57%
Ludacris
57%
Take
57%
take
57%
told
57%
twenty
57%
Usher
57%
am
55%
dance,
55%
gotta
55%
ready
55%
(Ready
55%
booty
53%
caught
53%
ear
53%
Jon
53%
just
53%
your
53%
head
51%
is
51%
rewind
51%
say
51%
thing
51%
"Baby,
49%
girl
49%
Next
49%
screamin'
49%
beat
47%
checkin'
47%
hell
47%
knew,
47%
more
47%
real
45%
supposed
45%
way
45%
bed,
43%
best
43%
'Cause
43%
lady
43%
lookin'
43%
over
43%
spit
43%
thousand
43%
Watch
43%
We
43%
we
43%
conspicuous
40%
freak
40%
If
40%
if
40%
ridiculous
40%
birthday
38%
blow
38%
decided
38%
followed
38%
gonna
38%
hundred
38%
street,
38%
suit
38%
think
38%
chance,
36%
cow
36%
Ds
36%
'em
36%
milk
36%
prowl
36%
three
36%
want
36%
women
36%
double
34%
feelin'
34%
forgot
34%
From
34%
game
34%
game,
34%
idea
34%
please
34%
sayin',
34%
shorty
34%
shorty,
34%
toes
34%
good
32%
heavy
32%
might
32%
outfit's
32%
they
32%
touch
32%
would
32%
off
30%
spittin'
30%
their
30%
these
30%
thinkin'
30%
'til
30%
truth
30%
voice
30%
won't
30%
work
30%
alright
28%
bend
28%
chill
28%
clothes
28%
don't
28%
front
28%
had
28%
asked
26%
cups
26%
flow
26%
lead?
26%
stop
26%
used
26%
where's
26%
about
23%
Conversation
23%
fill
23%
foot
23%
forget
23%
hold
23%
patrol
23%
put
23%
seen
23%
steady,
23%
it'll
21%
rhythm
19%
drink,
17%
Jag
15%
once
15%
took
15%
dead
13%
Rolls
13%
left
11%
pinky's
11%
valued
11%
cuttin',
9%

Score Distribution

Percentile by Number Answered

Percent of People with Each Score

Your Score History

You have not taken this quiz